Statistics for US States Smaller than their Neighbors (by Perimeter)

Click here to take the quiz!

General Stats

  • This quiz has been taken 23 times
  • The average score is 7 of 9

Answer Stats

RankState% Correct
48Delaware
100%
49Rhode Island
100%
50Vermont
95%
38Arkansas
89%
43Iowa
89%
45Indiana
68%
44West Virginia
68%
34Utah
58%
40North Dakota
47%

Score Distribution

Percentile by Number Answered

Percent of People with Each Score

Your Score History

You have not taken this quiz